[Event "Nikaia op 28th"]
[Site "Nikaia"]
[Date "2021.08.23"]
[Round "3"]
[White "Zeppos, Panagiotis"]
[Black "Kotronias, Vasilios"]
[Result "0-1"]
[WhiteElo "1991"]
[BlackElo "2487"]
[PlyCount "82"]
[EventDate "2021.08.21"]
[EventType "swiss"]
[EventRounds "7"]
[EventCountry "GRE"]
[SourceTitle "CBM 204 Extra"]
[Source "ChessBase"]
[SourceDate "2021.11.30"]
[SourceVersion "1"]
[SourceVersionDate "2021.11.30"]
[SourceQuality "1"]

1. e4 d6 2. d4 Nf6 3. Nc3 e5 4. Nf3 Nbd7 5. Bc4 Be7 6. 0-0 0-0 7. h3 c6 8. a4 b6 9. Qe2 a6 10. Ba2 Rb8 11. Be3 b5 12. axb5 axb5 13. Rad1 Qc7 14. Bg5 Re8 15. Rfe1 h6 16. Bc1 Nf8 17. dxe5 dxe5 18. Nh4 Ne6 19. Nf5 b4 20. Nb1 c5 21. Bc4 Nd4 22. Nxd4 cxd4 23. Nd2 Bf8 24. b3 Ra8 25. Bd3 Be6 26. Nc4 Nd7 27. Rf1 Nc5 28. f4 Nxd3 29. cxd3 Bxc4 30. dxc4 exf4 31. Bxf4 Qc6 32. Rfe1 Re6 33. Kh1 Bc5 34. Qh5 Rae8 35. e5 Ra8 36. Ra1 Ra3 37. Qd1 Rg6 38. Re2 d3 39. Rd2 Qe4 40. Rxa3 bxa3 41. Qf1 Bd4 0-1

[Event "Wch U20 51st"]
[Site "Athens"]
[Date "2012.08.15"]
[Round "13"]
[White "Torres, Juan Camilo"]
[Black "Zeppos, Panagiotis"]
[Result "1-0"]
[WhiteElo "2291"]
[BlackElo "1978"]
[PlyCount "77"]
[EventDate "2012.08.02"]
[EventType "swiss"]
[EventRounds "13"]
[EventCountry "GRE"]
[SourceTitle "CBM 149 Extra"]
[Source "ChessBase"]
[SourceDate "2012.08.24"]
[SourceVersion "1"]
[SourceVersionDate "2012.08.24"]
[SourceQuality "1"]

1. d4 Nf6 2. Nf3 g6 3. c4 Bg7 4. Nc3 d5 5. Bf4 0-0 6. e3 c5 7. dxc5 Qa5 8. Rc1 Ne4 9. cxd5 Nd7 10. Nd4 Nxc3 11. bxc3 Nxc5 12. Bc4 e5 13. dxe6 Bxe6 14. Nxe6 Nxe6 15. 0-0 Nxf4 16. exf4 Qc7 17. Bd5 Rac8 18. Qf3 b6 19. c4 Bf6 20. g3 Kg7 21. h4 Rfe8 22. h5 Re7 23. Kg2 Rce8 24. Rc2 Re1 25. Rxe1 Rxe1 26. Re2 Rxe2 27. Qxe2 Qe7 28. Qg4 Qc7 29. Qh3 gxh5 30. Qxh5 Qe7 31. Qf5 Qe2 32. g4 Qe8 33. g5 Bd4 34. Be4 Qh8 35. Qd7 Bc5 36. f5 Qf8 37. f6+ Kh8 38. Qf5 Qg8 39. f4 1-0

[Event "Wch U20 51st"]
[Site "Athens"]
[Date "2012.08.08"]
[Round "7"]
[White "Gantar, Jan"]
[Black "Zeppos, Panagiotis"]
[Result "0-1"]
[WhiteElo "2218"]
[BlackElo "1978"]
[PlyCount "96"]
[EventDate "2012.08.02"]
[EventType "swiss"]
[EventRounds "13"]
[EventCountry "GRE"]
[SourceTitle "CBM 149 Extra"]
[Source "ChessBase"]
[SourceDate "2012.08.24"]
[SourceVersion "1"]
[SourceVersionDate "2012.08.24"]
[SourceQuality "1"]

1. e4 c5 2. Nf3 d6 3. d4 cxd4 4. Nxd4 Nf6 5. Nc3 a6 6. g3 e5 7. Nde2 b5 8. Bg2 Nbd7 9. 0-0 Be7 10. h3 0-0 11. g4 b4 12. Nd5 Nxd5 13. exd5 Nb6 14. Ng3 a5 15. f4 Bh4 16. Kh2 Ba6 17. Rf2 Rc8 18. a3 Bb5 19. axb4 axb4 20. Qd2 Rc4 21. fxe5 dxe5 22. Ra5 Bd7 23. Qe2 f5 24. Ra6 f4 25. Ne4 Bb5 26. Ra5 Rxe4 27. Qxb5 Bxf2 28. Bxe4 Qh4 29. Qf1 Qg3+ 30. Kh1 Nc4 31. Ra6 Bc5 32. d6 Nxd6 33. Bd5+ Kh8 34. Rc6 Rc8 35. Rxc8+ Nxc8 36. Bd2 Nd6 37. Bg2 h6 38. Qe2 e4 39. Be1 f3 40. Bxg3 fxe2 41. Be1 g5 42. Kh2 Kg7 43. b3 Kf6 44. c3 Ke5 45. cxb4 Be3 46. Bc3+ Kd5 47. Kg3 Nb5 48. Be1 Kd4 0-1

[Event "Wch U20 51st"]
[Site "Athens"]
[Date "2012.08.07"]
[Round "6"]
[White "Zeppos, Panagiotis"]
[Black "Ashiku, Franc"]
[Result "1/2-1/2"]
[WhiteElo "1978"]
[BlackElo "2152"]
[PlyCount "71"]
[EventDate "2012.08.02"]
[EventType "swiss"]
[EventRounds "13"]
[EventCountry "GRE"]
[SourceTitle "CBM 149 Extra"]
[Source "ChessBase"]
[SourceDate "2012.08.24"]
[SourceVersion "1"]
[SourceVersionDate "2012.08.24"]
[SourceQuality "1"]

1. e4 c5 2. Nf3 d6 3. d4 cxd4 4. Nxd4 Nf6 5. Nc3 a6 6. Be2 e5 7. Nb3 Be7 8. Be3 Be6 9. 0-0 Nbd7 10. f3 0-0 11. Nd5 Bxd5 12. exd5 b5 13. a4 Nb6 14. Bxb6 Qxb6+ 15. Kh1 Qb7 16. Na5 Qxd5 17. Qxd5 Nxd5 18. axb5 axb5 19. Bxb5 Ne3 20. Rfc1 d5 21. c4 Bb4 22. Nc6 Bd2 23. Rxa8 Rxa8 24. Rb1 dxc4 25. Nxe5 Rc8 26. Ng4 Nxg4 27. fxg4 Rc5 28. Ba4 g6 29. Bd1 Rb5 30. Be2 Rb4 31. Rd1 Be3 32. g3 Kg7 33. Bf1 Kf6 34. Re1 Bd2 35. Re4 Rxb2 36. Rxc4 1/2-1/2

[Event "GRE-chT 40th"]
[Site "Achaia"]
[Date "2012.07.01"]
[Round "2.4"]
[White "Zeppos, Panagiotis"]
[Black "Sahinidis, Evagelos"]
[Result "1/2-1/2"]
[WhiteElo "2004"]
[BlackElo "1780"]
[PlyCount "113"]
[EventDate "2012.06.30"]
[EventType "team-swiss"]
[EventRounds "7"]
[EventCountry "GRE"]
[SourceTitle "CBM 149 Extra"]
[Source "ChessBase"]
[SourceDate "2012.08.24"]
[SourceVersion "1"]
[SourceVersionDate "2012.08.24"]
[SourceQuality "1"]
[WhiteTeam "Spring Chess"]
[BlackTeam "Orekastrou"]
[WhiteTeamCountry "GRE"]
[BlackTeamCountry "GRE"]

1. d4 Nf6 2. c4 c5 3. Nf3 g6 4. Nc3 cxd4 5. Nxd4 Bg7 6. e4 d6 7. Be2 0-0 8. Be3 Nc6 9. f3 Nxd4 10. Bxd4 Be6 11. 0-0 Nd7 12. Bxg7 Kxg7 13. Qd4+ Kg8 14. Rac1 Qb6 15. Qxb6 Nxb6 16. Nb5 Bd7 17. Nc7 Rac8 18. Nd5 Nxd5 19. cxd5 Rxc1 20. Rxc1 Rc8 21. Rxc8+ Bxc8 22. Kf2 e5 23. dxe6 fxe6 24. Ke3 Kf7 25. Kd4 e5+ 26. Kc3 g5 27. a4 Ke7 28. Bc4 Bd7 29. a5 a6 30. b4 Bb5 31. Bd5 Bc6 32. Kd3 Kf6 33. Bg8 Bb5+ 34. Ke3 h6 35. g3 Bd7 36. Bd5 Bc6 37. Bb3 Bd7 38. f4 g4 39. f5 Kg5 40. Bd5 Bc6 41. Be6 Kf6 42. Bc4 Bb5 43. Bb3 Bd7 44. Bd1 Kg5 45. Bb3 Kf6 46. Ba2 Kg5 47. Bb1 Bc8 48. Bc2 Bd7 49. Bb3 Kf6 50. Bd5 Bc6 51. Be6 Bb5 52. Bd5 Bc6 53. Bxc6 bxc6 54. Ke2 h5 55. Ke3 Ke7 56. Ke2 Kf6 57. Ke3 1/2-1/2

[Event "GRE-ch U18"]
[Site "Nikaia"]
[Date "2012.01.06"]
[Round "5"]
[White "Zeppos, Panagiotis"]
[Black "Papakonstantinou, Dimitrios"]
[Result "0-1"]
[WhiteElo "2022"]
[BlackElo "2060"]
[PlyCount "92"]
[EventDate "2012.01.03"]
[EventType "swiss"]
[EventRounds "9"]
[EventCountry "GRE"]
[SourceTitle "CBM 146 Extra"]
[Source "ChessBase"]
[SourceDate "2012.02.29"]
[SourceVersion "1"]
[SourceVersionDate "2012.02.29"]
[SourceQuality "1"]

1. d4 Nf6 2. c4 g6 3. Nc3 Bg7 4. e4 d6 5. f3 0-0 6. Be3 c5 7. Nge2 Nc6 8. d5 Ne5 9. Ng3 e6 10. Be2 exd5 11. cxd5 a6 12. a4 h5 13. a5 b5 14. axb6 Qxb6 15. Ra2 Bd7 16. Qa1 a5 17. h3 Qb4 18. 0-0 h4 19. Nh1 Nh5 20. Nf2 Ng3 21. Re1 f5 22. f4 Nxe2+ 23. Rxe2 Nc4 24. Nd3 Qb6 25. Bf2 fxe4 26. Rxe4 Nd2 27. Re7 Bf5 28. b4 Bf6 29. bxc5 Qa6 30. Re3 Nc4 31. Rf3 Be4 32. Ne1 dxc5 33. Qd1 Bxf3 34. Qxf3 Nd6 35. Bxc5 Rac8 36. Bxd6 Qxd6 37. Ne4 Qb6+ 38. Kh2 Bg7 39. Ng5 Rc1 40. Re2 Bc3 41. Qe4 Bxe1 42. Rxe1 Rxe1 43. Qxe1 Rxf4 44. Ne6 Rf5 45. Qa1 Qb8+ 46. Kg1 Qa7+ 0-1

[Event "GRE-ch U16"]
[Site "Eretria"]
[Date "2011.06.26"]
[Round "3.3"]
[White "Papakonstantinou, Dimitrios"]
[Black "Zeppos, Panagiotis"]
[Result "0-1"]
[WhiteElo "1999"]
[BlackElo "1955"]
[PlyCount "170"]
[EventDate "2011.06.25"]
[EventType "swiss"]
[EventRounds "9"]
[EventCountry "GRE"]
[SourceTitle "EXT 2024"]
[Source "ChessBase"]
[SourceDate "2023.10.10"]
[SourceVersion "1"]
[SourceVersionDate "2023.10.10"]
[SourceQuality "1"]

1. e4 c5 2. Nf3 e6 3. d4 cxd4 4. Nxd4 Nc6 5. Nc3 Qc7 6. Be3 a6 7. Qd2 Nf6 8. 0-0-0 Bb4 9. f3 0-0 10. g4 b5 11. g5 Ne8 12. f4 Nd6 13. Bd3 Na5 14. Qe1 Bxc3 15. Qxc3 Qxc3 16. bxc3 Bb7 17. e5 Bxh1 18. Rxh1 Ndc4 19. Bf2 d6 20. Re1 dxe5 21. fxe5 Rac8 22. Re4 Rfd8 23. Nf3 Rd5 24. Rh4 Rcd8 25. Bxh7+ Kf8 26. Bd3 Nc6 27. Bd4 Nxd4 28. cxd4 Nb6 29. Rg4 g6 30. h4 Na4 31. Rf4 Ke7 32. Kd2 Nb2 33. Be4 R5d7 34. Kc1 Nc4 35. Bd3 Nb6 36. Re4 Nd5 37. a3 Nc3 38. Re1 Rxd4 39. Nxd4 Rxd4 40. Kd2 Na4 41. Re4 Rd5 42. Re1 Nc5 43. Kc3 Nd7 44. h5 gxh5 45. g6 fxg6 46. Bxg6 h4 47. Rh1 Rc5+ 48. Kb3 Rc4 49. Bd3 Rg4 50. Be2 Rf4 51. c4 Re4 52. Bf1 bxc4+ 53. Bxc4 a5 54. Kc3 Nxe5 55. Bb5 Nf7 56. Kd3 Rg4 57. a4 Nd6 58. Rc1 Nxb5 59. axb5 Rb4 60. Rc5 h3 61. Rh5 h2 62. Rxh2 Rxb5 63. Kc4 Rf5 64. Re2 Kf6 65. Kd4 Rf4+ 66. Ke3 Ra4 67. Rb2 Kf5 68. Rb8 Ra3+ 69. Kd4 e5+ 70. Kd5 Rd3+ 71. Kc4 Rd4+ 72. Kc3 Ke4 73. Rh8 Rd7 74. Ra8 Ke3 75. Rxa5 Rc7+ 76. Kb2 e4 77. Re5 Kf3 78. Rf5+ Ke2 79. Rf8 e3 80. Re8 Kd2 81. Rd8+ Ke1 82. Re8 e2 83. Re6 Rf7 84. Kc2 Kf2 85. Kd2 Rd7+ 0-1

[Event "Nikaia Fysiolatriko op 09th"]
[Site "Nikaia"]
[Date "2011.06.23"]
[Round "9"]
[White "Gazis, Efstathios"]
[Black "Zeppos, Panagiotis"]
[Result "1-0"]
[WhiteElo "2325"]
[BlackElo "1955"]
[PlyCount "57"]
[EventDate "2011.06.16"]
[EventType "swiss"]
[EventRounds "9"]
[EventCountry "GRE"]
[SourceTitle "CBM 143 Extra"]
[Source "ChessBase"]
[SourceDate "2011.08.29"]
[SourceVersion "1"]
[SourceVersionDate "2011.08.29"]
[SourceQuality "1"]

1. Nf3 Nf6 2. c4 e6 3. g3 c5 4. Bg2 Nc6 5. 0-0 Be7 6. d4 cxd4 7. Nxd4 0-0 8. Nc3 a6 9. b3 Ne5 10. Bb2 d6 11. h3 Rb8 12. Kh2 Bd7 13. a4 Qa5 14. e3 Rfc8 15. e4 Qb4 16. Qc2 Nc6 17. Nde2 Na5 18. Nc1 Be8 19. e5 Nd7 20. exd6 Bxd6 21. Ne4 Bf8 22. Ng5 g6 23. Rd1 Bg7 24. Bxg7 Kxg7 25. Ne4 Qe7 26. Qc3+ Nf6 27. Qxa5 Nxe4 28. Bxe4 Qf6 29. Nd3 1-0

[Event "Nikaia Fysiolatriko op 09th"]
[Site "Nikaia"]
[Date "2011.06.19"]
[Round "5"]
[White "Kondopoulos, Dimitrios"]
[Black "Zeppos, Panagiotis"]
[Result "0-1"]
[WhiteElo "2059"]
[BlackElo "1955"]
[PlyCount "62"]
[EventDate "2011.06.16"]
[EventType "swiss"]
[EventRounds "9"]
[EventCountry "GRE"]
[SourceTitle "CBM 143 Extra"]
[Source "ChessBase"]
[SourceDate "2011.08.29"]
[SourceVersion "1"]
[SourceVersionDate "2011.08.29"]
[SourceQuality "1"]

1. e4 c5 2. Nf3 e6 3. d4 cxd4 4. Nxd4 Nc6 5. Nc3 Qc7 6. Be2 a6 7. 0-0 Nf6 8. Bg5 Be7 9. Kh1 Ng4 10. Bxg4 Bxg5 11. f4 Bxf4 12. Nf3 d6 13. Qe1 0-0 14. Rd1 b5 15. Ne2 Be5 16. c3 Bb7 17. Ned4 Rae8 18. Ng5 Bxd4 19. cxd4 h6 20. Nh3 e5 21. dxe5 Nxe5 22. Bf5 g6 23. Qg3 Kh8 24. Rf4 Rg8 25. Rh4 Kg7 26. Qe3 Rh8 27. Bg4 Qe7 28. Qe1 g5 29. Rh5 Nxg4 30. Qg3 Qxe4 31. Rd3 Qe1+ 0-1

[Event "GRE-ch U14"]
[Site "Kallithea"]
[Date "2010.06.30"]
[Round "7"]
[White "Papadopoulos, Panayotis"]
[Black "Zeppos, Panagiotis"]
[Result "1/2-1/2"]
[WhiteElo "1951"]
[BlackElo "1893"]
[PlyCount "33"]
[EventDate "2010.06.26"]
[EventType "swiss"]
[EventRounds "9"]
[EventCountry "GRE"]
[SourceTitle "EXT 2011"]
[Source "ChessBase"]
[SourceDate "2010.11.26"]
[SourceVersion "1"]
[SourceVersionDate "2010.11.26"]
[SourceQuality "1"]

1. d4 Nf6 2. c4 c5 3. d5 b5 4. cxb5 a6 5. f3 e6 6. e4 exd5 7. e5 Qe7 8. Qe2 Ng8 9. Nc3 Bb7 10. Nh3 c4 11. Nf4 Qc5 12. Nfxd5 Bxd5 13. Be3 Qb4 14. Bd2 Qc5 15. Be3 Qb4 16. Bd2 Qc5 17. Be3 1/2-1/2

[Event "Thessaloniki op"]
[Site "Thessaloniki"]
[Date "2010.04.06"]
[Round "2"]
[White "Piscopo, Pierluigi"]
[Black "Zeppos, Panagiotis"]
[Result "1/2-1/2"]
[WhiteElo "2418"]
[BlackElo "1872"]
[PlyCount "117"]
[EventDate "2010.04.04"]
[EventType "swiss"]
[EventRounds "9"]
[EventCountry "GRE"]
[SourceTitle "CBM 135 Extra"]
[Source "ChessBase"]
[SourceDate "2010.05.04"]
[SourceVersion "1"]
[SourceVersionDate "2010.05.04"]
[SourceQuality "1"]

1. e4 c5 2. Nf3 d6 3. c3 Nf6 4. h3 g6 5. Bd3 Bg7 6. Bc2 0-0 7. d4 cxd4 8. cxd4 Nc6 9. Nc3 Bd7 10. 0-0 Rc8 11. Bg5 h6 12. Be3 Qa5 13. Qd2 Kh7 14. d5 Ne5 15. Nxe5 dxe5 16. Bd3 Nh5 17. Ne2 Qxd2 18. Bxd2 g5 19. Rfc1 Kg8 20. Bb4 Bf6 21. Nc3 Rfd8 22. Kh2 Ng7 23. Rc2 h5 24. g3 h4 25. g4 Rc7 26. d6 Rxc3 27. Rxc3 exd6 28. Bxd6 Bc6 29. Bc5 a6 30. Be3 Ne6 31. f3 Nd4 32. Kg2 Nb5 33. Bxb5 axb5 34. a3 Be7 35. b4 f6 36. Rac1 Kf7 37. Kf2 Ra8 38. Rd3 Ke6 39. Bc5 Bxc5+ 40. bxc5 Ra4 41. Ke3 Ra8 42. Kd2 Ra4 43. Rcc3 Ra8 44. Kc2 Re8 45. Kb3 Ra8 46. Rd2 Ke7 47. Rcd3 Rc8 48. Kb4 Ra8 49. Rd6 Ra4+ 50. Kb3 Rc4 51. Rc2 Ra4 52. Rc3 Ra8 53. Kb2 Ra4 54. Rcd3 Rc4 55. Rc3 Ra4 56. Re3 Ra5 57. Rb3 Ra4 58. Rb4 Ra8 59. Rb3 1/2-1/2

[Event "Paleochora op 2nd"]
[Site "Paleochora"]
[Date "2009.07.21"]
[Round "1"]
[White "Gupta, Abhijeet"]
[Black "Zeppos, Panagiotis"]
[Result "1-0"]
[WhiteElo "2565"]
[BlackElo "1848"]
[PlyCount "95"]
[EventDate "2009.07.21"]
[EventType "swiss"]
[EventRounds "9"]
[EventCountry "GRE"]
[SourceTitle "CBM 131 Extra"]
[Source "ChessBase"]
[SourceDate "2009.09.03"]
[SourceVersion "2"]
[SourceVersionDate "2009.09.16"]
[SourceQuality "1"]

1. d4 d5 2. c4 e6 3. Nc3 Nf6 4. cxd5 exd5 5. Bg5 c6 6. e3 Be7 7. Bd3 0-0 8. Qc2 h6 9. Bh4 Nbd7 10. Nf3 Re8 11. Bg3 b5 12. 0-0 Bb7 13. h3 Rc8 14. Rac1 a6 15. Ne5 Nxe5 16. dxe5 Nd7 17. Bf5 Ra8 18. Rfd1 Nf8 19. Ne4 g6 20. Bg4 h5 21. Be2 Ne6 22. Nd6 Bxd6 23. exd6 Ng5 24. Bd3 Ne4 25. Bf4 f5 26. Bxe4 Rxe4 27. f3 Re6 28. Qc5 Qd7 29. h4 Rd8 30. Qb6 Rb8 31. a4 Rxd6 32. axb5 axb5 33. e4 Qd8 34. Qxd8+ Rbxd8 35. Bxd6 Rxd6 36. exd5 cxd5 37. Rc7 Bc6 38. Ra1 Be8 39. Ra8 Kf8 40. Kf2 f4 41. Ke2 Re6+ 42. Kd3 Re3+ 43. Kd4 Re2 44. b4 Rxg2 45. Ke5 Re2+ 46. Kf6 d4 47. Rh7 Kg8 48. Raa7 1-0

[Event "GRE-chT 37th"]
[Site "Kallithea"]
[Date "2009.07.07"]
[Round "7"]
[White "Palaskos, Ahileas"]
[Black "Zeppos, Panagiotis"]
[Result "0-1"]
[WhiteElo "1759"]
[BlackElo "1848"]
[PlyCount "51"]
[EventDate "2009.07.03"]
[EventType "team-tourn"]
[EventRounds "9"]
[EventCountry "GRE"]
[SourceTitle "CBM 131 Extra"]
[Source "ChessBase"]
[SourceDate "2009.09.03"]
[SourceVersion "2"]
[SourceVersionDate "2009.09.16"]
[SourceQuality "1"]

1. e4 e5 2. Nf3 Nc6 3. Bb5 f5 4. d3 fxe4 5. dxe4 Nf6 6. Nc3 Bc5 7. 0-0 d6 8. h3 Qe7 9. Bg5 Be6 10. Nd5 Qf7 11. Bxf6 gxf6 12. Bc4 0-0-0 13. c3 Rhg8 14. Kh1 Na5 15. Bd3 c6 16. Qa4 cxd5 17. Qxa5 Bb6 18. Qa4 dxe4 19. Bxe4 d5 20. Bc2 e4 21. Nd4 Qg6 22. Rg1 Bd7 23. Qa3 Qh5 24. Kh2 Bc7+ 25. Kh1 Bxh3 26. g3 0-1

[Event "GRE-chT 37th"]
[Site "Kallithea"]
[Date "2009.07.05"]
[Round "5"]
[White "Michelakos, Panagiotis"]
[Black "Zeppos, Panagiotis"]
[Result "0-1"]
[WhiteElo "2005"]
[BlackElo "1848"]
[PlyCount "80"]
[EventDate "2009.07.03"]
[EventType "team-tourn"]
[EventRounds "9"]
[EventCountry "GRE"]
[SourceTitle "CBM 131 Extra"]
[Source "ChessBase"]
[SourceDate "2009.09.03"]
[SourceVersion "2"]
[SourceVersionDate "2009.09.16"]
[SourceQuality "1"]

1. e4 e5 2. Nf3 Nc6 3. Bc4 Nf6 4. d3 Bc5 5. 0-0 d6 6. h3 h6 7. c3 Be6 8. Nbd2 0-0 9. Re1 Qd7 10. Bb5 a6 11. Ba4 b5 12. Bc2 Rfe8 13. Nf1 d5 14. Be3 d4 15. cxd4 Bxd4 16. Bxd4 exd4 17. Ng3 Nb4 18. Ne5 Qd6 19. f4 c5 20. Bb1 c4 21. a3 Nc6 22. Nxc6 Qxc6 23. f5 Bc8 24. dxc4 Qxc4 25. Ba2 Qc5 26. Qb3 Ra7 27. Rac1 Qe5 28. Qc2 Qxg3 29. e5 Rae7 30. e6 fxe6 31. Qxc8 Rxc8 32. Rxc8+ Kh7 33. Rxe6 Rxe6 34. fxe6 Qe1+ 35. Kh2 d3 36. Bb3 Qe5+ 37. Kh1 Qxb2 38. e7 Qxb3 39. e8Q Nxe8 40. Rxe8 d2 0-1

[Event "GRE-chT 37th"]
[Site "Kallithea"]
[Date "2009.07.05"]
[Round "4"]
[White "Zeppos, Panagiotis"]
[Black "Drakakis, Georgios"]
[Result "1/2-1/2"]
[WhiteElo "1848"]
[BlackElo "1784"]
[PlyCount "92"]
[EventDate "2009.07.03"]
[EventType "team-tourn"]
[EventRounds "9"]
[EventCountry "GRE"]
[SourceTitle "CBM 131 Extra"]
[Source "ChessBase"]
[SourceDate "2009.09.03"]
[SourceVersion "2"]
[SourceVersionDate "2009.09.16"]
[SourceQuality "1"]

1. e4 c5 2. Nf3 Nc6 3. d4 cxd4 4. Nxd4 Nf6 5. Nc3 e5 6. Ndb5 d6 7. Bg5 a6 8. Na3 b5 9. Nd5 Be7 10. Nxf6+ gxf6 11. Be3 f5 12. f3 fxe4 13. fxe4 Be6 14. c4 b4 15. Nc2 h6 16. Be2 Rg8 17. 0-0 Bg5 18. g3 Bxe3+ 19. Nxe3 Nd4 20. Nd5 Bxd5 21. cxd5 Qg5 22. Bh5 Rg7 23. Rf2 Rc8 24. Qa4+ Ke7 25. Qxa6 Rc7 26. Be2 Qe3 27. Qd3 Nxe2+ 28. Qxe2 Qxe2 29. Rxe2 Rg8 30. Rf1 Ra8 31. Ref2 Kf8 32. b3 Kg7 33. Re1 Rd8 34. Ree2 Rdc8 35. Kg2 Rc3 36. Rd2 R3c7 37. Kh3 Rc3 38. Kg4 Re3 39. Rfe2 Rec3 40. Kh3 R3c7 41. Kg2 Rc3 42. Rf2 Re3 43. Rfe2 Rec3 44. Kf2 R8c7 45. Rb2 Rc8 46. Re1 Kg6 1/2-1/2

[Event "World Amateur-ch"]
[Site "Thessaloniki"]
[Date "2009.04.30"]
[Round "5"]
[White "Anagnostopoulos, Ioannis"]
[Black "Zeppos, Panagiotis"]
[Result "0-1"]
[WhiteElo "1931"]
[BlackElo "1840"]
[PlyCount "138"]
[EventDate "2009.04.27"]
[EventType "swiss"]
[EventRounds "9"]
[EventCountry "GRE"]
[SourceTitle "CBM 130 Extra"]
[Source "ChessBase"]
[SourceDate "2009.07.02"]
[SourceVersion "2"]
[SourceVersionDate "2009.07.15"]
[SourceQuality "1"]

1. d4 d5 2. Nf3 Nf6 3. Bg5 e6 4. e3 Be7 5. Bd3 Nbd7 6. Nbd2 0-0 7. c3 b6 8. Qa4 Bb7 9. Ne5 h6 10. Bh4 Nxe5 11. dxe5 Nd7 12. Bxe7 Qxe7 13. Qf4 Nc5 14. Bc2 f6 15. Nf3 Nd7 16. Qg3 Nxe5 17. Nxe5 fxe5 18. Qxe5 Qf6 19. Qxf6 Rxf6 20. f3 e5 21. 0-0-0 Rd6 22. e4 dxe4 23. Bxe4 Bxe4 24. Rxd6 cxd6 25. fxe4 Rf8 26. Rd1 Rf2 27. Rd2 Rf6 28. Kc2 Kf7 29. Kd3 Ke7 30. Kc4 a6 31. Kd3 Kd7 32. Ke3 Kc6 33. Ke2 Kc5 34. b3 Rf7 35. Rd5+ Kc6 36. g3 b5 37. Rd3 a5 38. Rd5 Ra7 39. Rd3 a4 40. Kf3 Rf7+ 41. Ke2 Ra7 42. Kf3 Rf7+ 43. Ke2 Rd7 44. Rd5 axb3 45. axb3 Rf7 46. c4 bxc4 47. bxc4 Ra7 48. c5 dxc5 49. Rxe5 Ra2+ 50. Kd3 Rxh2 51. Kc4 Rc2+ 52. Kd3 Rg2 53. Kc4 Rxg3 54. Rxc5+ Kd6 55. Rh5 Rg5 56. Rxg5 hxg5 57. Kd4 g4 58. e5+ Ke6 59. Ke4 g3 60. Kf3 g2 61. Kxg2 Kxe5 62. Kg3 Kf5 63. Kf3 Kg5 64. Kf2 Kf4 65. Kg2 Kg4 66. Kf2 Kh3 67. Kf3 g5 68. Kf2 g4 69. Kg1 Kg3 0-1

[Event "Pirgou Sphlios op 2nd"]
[Site "Greece"]
[Date "2007.08.16"]
[Round "1"]
[White "Papadopoulos, Theodoros"]
[Black "Zeppos, Panagiotis"]
[Result "1-0"]
[WhiteElo "2075"]
[BlackElo "1115"]
[PlyCount "53"]
[EventDate "2007.08.16"]
[EventType "swiss"]
[EventRounds "7"]
[EventCountry "GRE"]
[SourceTitle "EXT 2008"]
[Source "ChessBase"]
[SourceDate "2007.11.25"]
[SourceVersion "1"]
[SourceVersionDate "2007.11.25"]
[SourceQuality "1"]

1. e4 e5 2. Nf3 Nc6 3. Bb5 a6 4. Ba4 d6 5. 0-0 Bg4 6. c3 Qf6 7. d3 Bxf3 8. Qxf3 Qxf3 9. gxf3 Nge7 10. b4 0-0-0 11. Bb3 f6 12. a4 h5 13. b5 Nb8 14. Be6+ Nd7 15. bxa6 bxa6 16. Na3 Nc6 17. Be3 Re8 18. Bf7 Rd8 19. Rfb1 g5 20. Nc4 Rh7 21. Bd5 Ndb8 22. Rb2 Kd7 23. Rab1 Be7 24. Rb7 Rdh8 25. Nb6+ Kd8 26. Na8 g4 27. Nxc7 1-0